00317 2200133 4500001002100000005001500021035002000036245003400056100002400090260003600114082000800150084001400158990001100172INLIS00000000000241720250604084407 a0010-06250000031 aAtheis /cAchdiat K. Mihandja0 aAchdiat K. Mihandja aJakarta :bBalai Pustaka,c1997 a800 a800 ACH a a995445